000 00743cab a2200241 4500
001 WB3031-64
008 090401t1994 xxu||||| |||| 00| 0 eng d
035 _a(Sirsi) u30357
041 _aeng
245 _a1995 decapitalisation rates
260 _c1994
350 _a0
490 _aDoE News Release
_v(484) 10 August 1994 (2)
520 _aDecapitalisation rates of 5.5% have been set for the revaluation of business property in 1995 and 3.67% for educational and hospital property.
650 _aDECAPITALISATION RATE
650 _aEDUCATIONAL PROPERTY
650 _aHOSPITALS
650 _aNON-DOMESTIC PROPERTY
650 _aRATING REVALUATION 1995
690 _aRATING AND VALUATION
942 _n0
948 _c04/03/1997
999 _c20457
_d20457